LEADER 01005nam0 22003011i 450 001 RML0266946 005 20231121125723.0 100 $a20121121d1970 ||||0itac50 ba 101 | $aita 102 $ait 181 1$6z01$ai $bxxxe 182 1$6z01$an 200 1 $aHernandez$fdi Gabriele Morelli 210 $a[Firenze] $cLa Nuova Italia $d1970 215 $a107 p.$d17 cm 225 | $a˜Il œcastoro $v41 410 0$1001RML0330537$12001 $a˜Il œcastoro $v41 606 $aHernandez, Miguel$2FIR$3RMLC230863$9I 676 $a861.6$9Poesia spagnola. 1900-1999$v21 700 1$aMorelli$b, Gabriele$3RMLV171900$0131141 801 3$aIT$bIT-01$c20121121 850 $aIT-FR0017 899 $aBiblioteca umanistica Giorgio Aprea$bFR0017 912 $aRML0266946 950 0$aBiblioteca umanistica Giorgio Aprea$d 52MAG 1 COLL E 41$e 52MAG0000062535 VMB RS $fA $h20181119$i20181119 977 $a 52 996 $aHernandez$9163822 997 $aUNICAS LEADER 01913nam0 22004453i 450 001 NAP0148774 005 20251003044245.0 020 $aIT$b1952 7072 090 $a332724 100 $a19990218d1952 ||||0itac50 ba 101 | $aita 102 $ait 181 1$6z01$ai $bxxxe 182 1$6z01$an 183 1$6z01$anc$2RDAcarrier 200 1 $aˆIl ‰mio credo$fDavid E. Lilienthal$gtraduzione di Maria De Sanna 210 $aRoma$cAstrolabio$d1952 215 $a156 p.$d22 cm. 500 10$aThis I do believe. -$3NAP0148778$9IEIV023210$94176347 606 $aDEMOCRAZIA$xStati Uniti d'America$xSaggi$2FIR$3NAPC068023$9I 606 $aDemocrazia$xStati Uniti d'America$2FIR$3CFIC081601$9E 676 $a320.5$9SCIENZA POLITICA. IDEOLOGIE$v22 676 $a321.8$9FORME DEMOCRATICHE$v21 676 $a324.273$9$v21 676 $a324.273$9PARTITI POLITICI. Stati Uniti$v23 686 $aUS/342.0$cPOLITICA E CULTURA STATI UNITI D'AMERICA 1945-1968$2R 686 $aX09.4$cSCIENZE POLITICHE POLITOLOGIA$2R 686 $aX30.9$cTECNOLOGIA E RICERCA SCIENTIFICA$2R 700 1$aLilienthal$b, David Eli$f <1899-1981>$3IEIV023210$4070$0197467 702 1$aDe Sanna$b, Maria$3SBLV216462$4730 801 3$aIT$bIT-000000$c19990218 850 $aIT-BN0095 $aIT-AV0007 $aIT-NA0079 901 $bNAP BN$cA $nComprende volumi con collocazioni per formato catalogati prima del 1987. La consegna del doc. é effettuata dall'Uff. Distribuzione. 901 $bNAP AV$cSEZ. M $nSezione Moderna 901 $bNAP 01$cDEMARCO $n$ 912 $aNAP0148774 950 0$aBiblioteca Centralizzata di Ateneo$b1 v.$c1 v.$d 01DEMARCO MON. 52$e 01 0000097255 VMA 1 v.$fA $h20230504$i20240716 977 $a 01$a AV$a BN 996 $aThis I do believe$94176347 997 $aUNISANNIO